| 000 | 00641nam a22002177a 4500 | ||
|---|---|---|---|
| 999 |
_c17391 _d17391 |
||
| 003 | AR-CdUCM | ||
| 008 | 190508b ||||| |||| 00| 0 spa d | ||
| 040 |
_aMUNICIPALIDAD PROVINCIAL DEL CUSCO _cBIBLIOTECA MUNICIPAL DEL CUSCO |
||
| 082 |
_a869.26 / _bA69 |
||
| 100 |
_aArias, Abelardo _937377 |
||
| 245 | _aLa viña estéril / | ||
| 260 |
_aBuenos Aires : _bEdit. Sudamericana, _c1968. |
||
| 300 |
_a253 paginas ; _c19 cm. |
||
| 440 |
_aEl espejo _937378 |
||
| 505 | _aContenido :Novela / | ||
| 650 |
_aLiteratura argentina _984 |
||
| 650 |
_aNovela _95 |
||
| 650 |
_aSiglo XX _98 |
||
| 942 |
_2ddc _cLIBROS |
||
| 945 |
_arjall _d2019-05-08 |
||